Click 20 Countries on the World Map #2 - Statistics

General Stats
  • This quiz has been taken 90 times
  • The average score is 19 of 20
Answers on the Map
Answers color-coded by a green-red scale on the quiz's map according to % correct below.
 
Answer Stats
Answer % Correct
Bolivia
96%
Canada
96%
Iran
96%
Madagascar
96%
Austria
95%
Costa Rica
95%
Kazakhstan
95%
Sri Lanka
95%
Uruguay
95%
Cyprus
94%
Vietnam
94%
Ivory Coast
93%
Singapore
93%
Solomon Islands
93%
Estonia
91%
Antigua and Barbuda
90%
Jamaica
90%
Zambia
90%
Liberia
88%
Mauritania
86%
No matching quizzes found
Score Distribution
Percent of People with Each Score
Percentile by Number Answered
Your Score History
You have not taken this quiz